01014nam a2200181 a 4500020002700000020003000027082001200057100002000069245006500089250001700154260002800171300001300199520049300212650001300705700002300718700002100741856007000762 a0471475432 (paperback) a9780471475439 (paperback) a657 KIM1 aKimmel, Paul D.10aPrinciples of accounting: tools for business decision making aVolume 2 ed. a[S.l.] :bWiley,c2004. a512 p. ; aThis book starts with a macro view of accounting information by presenting real financial statements. The authors establish how financial statements communicate the financing, operation, and investing activities of a business. To integrate the use of financial statements for decision-making, the authors identify a finite set of tools necessary to make business decisions based on financial information. The Decision Toolkit is provided for the reader and integrated throughout the text. aaccounts1 aWeygandt, Jerry J.1 aKieso, Donald E.40uhttp://www.amazon.com/exec/obidos/ASIN/0471475432/chopaconline-20